000 00585nam a2200229Ia 4500
003 OSt
005 20221007080928.0
006 a|||||r|||| 00| 0
007 ta
008 221006b |||||||| |||| 00| 0 eng d
024 _a28,600
037 _cTextual
040 _aFLL
_cFLL
_beng
041 _2eng
_aeng
082 _aZQ7:115, L5
100 _aLayish Aharon
245 0 _aWomen and Islamic law
260 _aNew York
_bJohn Wiley & Sons New
_c1975
300 _axix,369p
_ccm.
942 _hZQ7:115, L5
_cTEXL
_2CC
999 _c1161398
_d1161398